书目信息 |
| 题名: |
大学体育与健康
|
|
| 作者: | 孙兵 主编 | |
| 分册: | ||
| 出版信息: | 北京 北京体育大学出版社 2005.10 |
|
| 页数: | 296页 | |
| 开本: | 20cm | |
| 丛书名: | ||
| 单 册: | ||
| 中图分类: | G807.4 | |
| 科图分类: | ||
| 主题词: | 体育理论 | |
| 电子资源: | ||
| ISBN: | 978-7-81100-206-5 | |
| 000 | 00576nam0 2200217 45 | |
| 001 | 0954996657 | |
| 005 | 20091017151745.37 | |
| 010 | @a978-7-81100-206-5@dCNY23.00 | |
| 100 | @a20090515d2005 ekmy0 y0120 ea | |
| 102 | @aCN@b130000 | |
| 102 | @aCN@b110000 | |
| 105 | @ay z 000yy | |
| 200 | 1 | @a大学体育与健康@f孙兵主编@Fsun bing zhu bian |
| 210 | @a北京@c北京体育大学出版社@d2005.10 | |
| 215 | @a296页@d20cm | |
| 606 | 0 | @a体育理论 |
| 690 | @aG807.4@v4 | |
| 701 | 0 | @a孙兵@Asun bing@4主编 |
| 801 | 0 | @aCN@c20091017 |
| 905 | @a10447@dG807.4@eS902 | |
| 906 | @d23@n3@r1 | |
| 大学体育与健康/孙兵主编.-北京:北京体育大学出版社,2005.10 |
| 296页;20cm |
| ISBN 978-7-81100-206-5:CNY23.00 |
| ● |
| 相关链接 |
|
|
|
正题名:大学体育与健康
索取号:G807.4/S902
 
预约/预借
| 序号 | 登录号 | 条形码 | 馆藏地/架位号 | 状态 | 备注 |
| 1 | 890294 | 208902945 | 社科库409/409社科库 20排2列4层/ [索取号:G807.4/S902] | 在馆 | |
| 2 | 890295 | 208902954 | 社科库409/409社科库 20排2列4层/ [索取号:G807.4/S902] | 在馆 |